[Event "33rd Pula Open 2019"]
[Site "Pula"]
[Date "2019.06.25"]
[Round "5.1"]
[White "Saric, Ante"]
[Black "Pecnik, Leo"]
[Result "1-0"]
[WhiteElo "2542"]
[BlackElo "2334"]
[Annotator "ChessBase"]
[PlyCount "77"]
[EventDate "2019.06.22"]
[EventType "swiss"]
[EventCountry "CRO"]
[SourceTitle "playchess.com"]
[Source "ChessBase"]
[SourceQuality "1"]
[TimeControl "5400+30"]

1. Nf3 {[%emt 0:00:30]} d5 {[%emt 0:01:30]} 2. e3 {[%emt 0:00:00]} g6 {[%emt 0:02:30]} 3. c4 {[%emt 0:00:00]} Nf6 {[%emt 0:00:30]} 4. cxd5 {[%emt 0:05:30]} Nxd5 {[%emt 0:00:00]} 5. d4 {[%emt 0:00:00]} Bg7 {[%emt 0:00:00]} 6. Be2 {[%emt 0:00:00]} O-O {[%emt 0:00:30]} 7. O-O {[%emt 0:00:30]} Nc6 {[%emt 0:04:30]} 8. e4 {[%emt 0:06:30]} Nb6 {[%emt 0:03:30]} 9. Be3 {[%emt 0:10:30]} Bg4 {[%emt 0:12:30]} 10. Nbd2 {[%emt 0:00:30]} Qd6 {[%emt 0:00:30]} 11. d5 {[%emt 0:03:30]} Bxf3 {[%emt 0:02:30]} 12. Nxf3 {[%emt 0:02:30]} Ne5 {[%emt 0:01:30]} 13. Qb3 {[%emt 0:12:30]} Ng4 {[%emt 0:12:30]} 14. Bd2 {[%emt 0:00:30]} Nd7 {[%emt 0:07:30]} 15. Bb4 {[%emt 0:14:30]} Qb6 {[%emt 0:07:30]} 16. h3 {[%emt 0:10:30]} Nge5 {[%emt 0:07:30]} 17. Bxe7 {[%emt 0:10:59]} Qxb3 {[%emt 0:12:30]} 18. axb3 {[%emt 0:00:02]} Nxf3+ {[%emt 0:00:30]} 19. gxf3 {[%emt 0:01:27]} Rfe8 {[%emt 0:03:52]} 20. Bh4 {[%emt 0:02:26]} Nc5 {[%emt 0:03:36]} 21. Bb5 {[%emt 0:09:16]} Reb8 {[%emt 0:00:16]} 22. Bg3 {[%emt 0:04:26]} Nxb3 {[%emt 0:01:02]} 23. Rad1 {[%emt 0:02:50]} Nd4 {[%emt 0:01:17]} 24. Bd3 {[%emt 0:00:15]} Nxf3+ {[%emt 0:02:15]} 25. Kg2 {[%emt 0:00:01]} Ne5 {[%emt 0:00:00]} 26. Be2 {[%emt 0:00:09]} Re8 {[%emt 0:02:55]} 27. f4 {[%emt 0:00:50]} Nd7 {[%emt 0:00:38]} 28. Bb5 {[%emt 0:00:58]} Red8 {[%emt 0:01:10]} 29. f5 {[%emt 0:01:19]} a6 {[%emt 0:01:51]} 30. Bc4 {[%emt 0:00:45]} Ne5 {[%emt 0:02:43]} 31. Ba2 {[%emt 0:00:11]} Rd6 {[%emt 0:00:17]} 32. Rc1 {[%emt 0:01:10]} Rb6 {[%emt 0:00:42]} 33. Rxc7 {[%emt 0:00:24]} Rxb2+ {[%emt 0:02:56]} 34. Rf2 {[%emt 0:00:01]} Rxf2+ {[%emt 0:00:00]} 35. Bxf2 {[%emt 0:00:37]} gxf5 {[%emt 0:01:22]} 36. exf5 {[%emt 0:00:02]} Nd3 {[%emt 0:00:40]} 37. Bh4 {[%emt 0:00:35]} Be5 {[%emt 0:00:34]} 38. d6 {[%emt 0:00:49]} Kh8 {[%emt 0:02:19]} 39. Rxf7 {[%emt 0:00:24]} 1-0

[Event "33rd Pula Open 2019"]
[Site "Pula"]
[Date "2019.06.25"]
[Round "5.2"]
[White "Jovanovic, Zoran"]
[Black "Kyc, Jerzy"]
[Result "1-0"]
[WhiteElo "2503"]
[BlackElo "2279"]
[Annotator "ChessBase"]
[PlyCount "131"]
[EventDate "2019.06.22"]
[EventType "swiss"]
[EventCountry "CRO"]
[SourceTitle "playchess.com"]
[Source "ChessBase"]
[SourceQuality "1"]
[TimeControl "5400+30"]

1. e4 {[%emt 0:00:30]} c5 {[%emt 0:00:30]} 2. Nf3 {[%emt 0:00:00]} d6 {[%emt 0:00:00]} 3. d4 {[%emt 0:00:00]} cxd4 {[%emt 0:00:00]} 4. Qxd4 {[%emt 0:00:00]} Bd7 {[%emt 0:00:30]} 5. Be3 {[%emt 0:01:00]} Nf6 {[%emt 0:00:00]} 6. Nc3 {[%emt 0:00:30]} Nc6 {[%emt 0:00:00]} 7. Qd2 {[%emt 0:00:30]} g6 {[%emt 0:00:30]} 8. h3 {[%emt 0:01:30]} Bg7 {[%emt 0:00:00]} 9. Bd3 {[%emt 0:00:30]} O-O {[%emt 0:00:00]} 10. O-O {[%emt 0:00:00]} Rc8 {[%emt 0:04:30]} 11. Nd5 {[%emt 0:04:00]} e6 {[%emt 0:12:30]} 12. Nxf6+ {[%emt 0:02:30]} Bxf6 {[%emt 0:00:30]} 13. c3 {[%emt 0:01:30]} Qc7 {[%emt 0:02:30]} 14. Rad1 {[%emt 0:05:30]} Rfd8 {[%emt 0:02:30]} 15. Bg5 {[%emt 0:04:30]} Bxg5 {[%emt 0:00:00]} 16. Qxg5 {[%emt 0:00:00]} Kg7 {[%emt 0:00:00]} 17. Rd2 {[%emt 0:06:00]} h6 {[%emt 0:07:30]} 18. Qe3 {[%emt 0:05:30]} e5 {[%emt 0:15:30]} 19. Bc4 {[%emt 0:04:30]} Na5 {[%emt 0:00:30]} 20. Bd5 {[%emt 0:00:30]} Bc6 {[%emt 0:03:30]} 21. Rfd1 {[%emt 0:05:30]} Bxd5 {[%emt 0:00:30]} 22. Rxd5 {[%emt 0:00:30]} Nc4 {[%emt 0:01:30]} 23. Qe2 {[%emt 0:00:30]} Re8 {[%emt 0:11:30]} 24. b3 {[%emt 0:04:30]} Nb6 {[%emt 0:00:30]} 25. Rxd6 {[%emt 0:00:30]} Qxc3 {[%emt 0:00:00]} 26. h4 {[%emt 0:02:30]} Rc6 {[%emt 0:09:00]} 27. R6d3 {[%emt 0:05:30]} Qb4 {[%emt 0:00:30]} 28. h5 {[%emt 0:00:00]} Qc5 {[%emt 0:10:20]} 29. Nh2 {[%emt 0:05:00]} Qc2 {[%emt 0:00:59]} 30. R3d2 {[%emt 0:00:30]} Qc3 {[%emt 0:00:01]} 31. Ng4 {[%emt 0:01:30]} a5 {[%emt 0:02:19]} 32. hxg6 {[%emt 0:06:30]} fxg6 {[%emt 0:00:12]} 33. Rd3 {[%emt 0:00:30]} Qc5 {[%emt 0:03:04]} 34. Qd2 {[%emt 0:00:30]} h5 {[%emt 0:00:27]} 35. Ne3 {[%emt 0:03:30]} Qb4 {[%emt 0:03:04]} 36. Qxb4 {[%emt 0:07:30]} axb4 {[%emt 0:01:41]} 37. Kh2 {[%emt 0:00:30]} Ra8 {[%emt 0:01:37]} 38. R1d2 {[%emt 0:00:30]} Kf6 {[%emt 0:04:53]} 39. Kh3 {[%emt 0:02:30]} Ra5 {[%emt 0:03:05]} 40. Rd8 {[%emt 0:00:30]} Kg5 {[%emt 0:01:19]} 41. g3 {[%emt 0:02:30]} Rc1 {[%emt 0:01:27]} 42. Rb8 {[%emt 0:00:30]} Ra7 {[%emt 0:00:54]} 43. Re8 {[%emt 0:00:30]} Rc5 {[%emt 0:00:37]} 44. Rd6 {[%emt 0:01:06]} Nc8 {[%emt 0:00:28]} 45. Rd5 {[%emt 0:00:07]} Rc6 {[%emt 0:00:37]} 46. Rexe5+ {[%emt 0:02:23]} Kf6 {[%emt 0:00:22]} 47. g4 {[%emt 0:00:45]} Rxa2 {[%emt 0:00:41]} 48. g5+ {[%emt 0:00:12]} Kf7 {[%emt 0:00:06]} 49. Rd7+ {[%emt 0:00:32]} Kf8 {[%emt 0:00:00]} 50. Kg2 {[%emt 0:01:56]} Nd6 {[%emt 0:00:58]} 51. Kf3 {[%emt 0:01:59]} Nf7 {[%emt 0:00:42]} 52. Rb5 {[%emt 0:01:14]} Rc3 {[%emt 0:00:20]} 53. Rdxb7 {[%emt 0:00:53]} Rxb3 {[%emt 0:00:12]} 54. Rd7 {[%emt 0:00:30]} Rbb2 {[%emt 0:00:30]} 55. Rb8+ {[%emt 0:00:18]} Kg7 {[%emt 0:00:01]} 56. e5 {[%emt 0:04:54]} Rxf2+ {[%emt 0:00:26]} 57. Ke4 {[%emt 0:00:06]} Rad2 {[%emt 0:00:28]} 58. Re7 {[%emt 0:03:11]} b3 {[%emt 0:02:13]} 59. e6 {[%emt 0:00:30]} Rd6 {[%emt 0:00:30]} 60. exf7 {[%emt 0:00:30]} Rxf7 {[%emt 0:00:30]} 61. Ree8 {[%emt 0:00:30]} Rfd7 {[%emt 0:00:30]} 62. Rxb3 {[%emt 0:00:30]} Rd4+ {[%emt 0:00:30]} 63. Ke5 {[%emt 0:00:30]} Ra4 {[%emt 0:00:30]} 64. Rbb8 {[%emt 0:00:30]} Rda7 {[%emt 0:00:30]} 65. Nd5 {[%emt 0:00:30]} Ra1 {[%emt 0:00:30]} 66. Rg8+ {[%emt 0:00:30]} 1-0

[Event "33rd Pula Open 2019"]
[Site "Pula"]
[Date "2019.06.25"]
[Round "5.4"]
[White "Cumming, Rhys"]
[Black "Tratar, Marko"]
[Result "0-1"]
[WhiteElo "2253"]
[BlackElo "2463"]
[Annotator "TA"]
[PlyCount "154"]
[EventDate "2019.06.22"]
[EventType "swiss"]
[EventCountry "CRO"]
[SourceTitle "playchess.com"]
[Source "ChessBase"]
[SourceQuality "1"]

{[%evp 10,154,98,72,91,81,88,98,87,74,77,70,68,50,55,37,43,31,27,7,12,0,22,16,49,0,0,0,13,16,107,59,58,46,133,116,127,117,115,114,122,129,116,0,0,0,0,-9,0,0,0,0,0,0,0,0,4,0,0,-74,-87,-57,-72,-94,0,-30,-30,-35,-24,-33,-26,-123,-112,-128,-128,-127,-127,-127,-122,-116,-123,-397,-397,-395,-381,-366,-365,-354,-74,-279,-260,-282,-275,-776,-104,-146,-74,-127,-74,-170,-160,-584,-74,-74,0,-74,-74,-590,-578,-578,-522,-389,-293,-236,-82,-82,0,-82,-82,-560,-550,-2579,-2388,-2886,-2883,-2225,-2697,-2429,-2374,-2290,-2193,-1413,-1335,-7009,-5397,-3456,-2625,-29970,-29971,-29968,-29970,-29983,-29984,-29984,-29985,-29985,-29986]} 1. d4 Nf6 2. c4 c5 3. d5 e5 4. Nc3 d6 5. e4 Nbd7 6. g3 g6 {A56: Czech Benoni} (6... h5 7. h3 g6 8. Nf3 Bh6 9. Bxh6 Rxh6 10. Be2 Kf8 11. Qd2 Kg7 12. Qe3 a6 13. a4 b6 14. Ng5 {0-1 (43) Ivanchuk,V (2766)-Leko,P (2732) Beijing 2012}) 7. Bg2 a6 8. a4 Bg7 {White is better.} 9. Nh3 O-O 10. O-O Ne8 11. Be3 b6 $146 ({Predecessor:} 11... h6 12. Qd2 Kh7 13. Rae1 Rb8 14. Qd3 {1-0 (40) Goodman,D (2375)-Van der Vliet,F (2380) Brighton 1980}) 12. Qd2 Nc7 13. Bh6 Rb8 14. Bxg7 Kxg7 15. Qd3 Nf6 (15... b5 $5) 16. f4 Qe7 17. Ng5 Nh5 18. Qd2 f6 19. Nf3 $36 {[%mdl 2048] White has the initiative.} b5 (19... exf4 $11 20. gxf4 b5) 20. axb5 (20. f5 {feels hotter.} bxc4 21. Nh4 g5 22. Nf3 Kg8 23. Qc2) 20... axb5 21. Ra7 bxc4 (21... b4 $1 $14 22. Nb5 Rb7) 22. fxe5 $16 fxe5 23. Nxe5 Rxf1+ 24. Bxf1 {Hoping for Nc6.} Qxe5 25. Rxc7+ Kg8 26. Bxc4 (26. Qh6 $16 Ng7 27. Be2 (27. Bxc4 Bg4 $11)) 26... Bg4 $11 27. Be2 Bxe2 28. Qxe2 (28. Nxe2 {seems wilder.} Rxb2 29. Rc8+ Kg7 30. Rc7+ Kg8) 28... Nf6 29. Ra7 Re8 30. Ra4 Rf8 31. Kg2 h5 32. Nd1 Re8 {[%cal Rf6e4]} 33. Nf2 (33. Qc2 {is more complex.} Ng4 34. h3 Nf6 35. Nf2 Rb8 36. Ra2) 33... Qxd5 34. Qc4 (34. h4 $11) 34... Qxc4 $17 35. Rxc4 {[%mdl 4096] Endgame KRN-KRN} Rb8 36. Rc2 Rb4 (36... Kf7 $1 $17) 37. Rd2 (37. e5 $5 dxe5 38. Nd3 $11 {[%mdl 64] Double Attack}) 37... Rb6 38. Kf3 Nd7 39. Nd3 Kf7 40. Nf4 (40. Kf4 $11 {keeps the balance.}) 40... Ne5+ 41. Ke2 Nc4 $1 {[%cal Rc4d2]} 42. Rc2 Rxb2 43. Rxb2 Nxb2 {KN-KN} 44. h3 Nc4 45. g4 $2 {[%mdl 8192]} (45. Nd5 $17) 45... hxg4 $19 46. hxg4 Kf6 47. Nh3 Ke5 $1 48. Kd3 Nb2+ $2 (48... Nb6 $19 49. g5 c4+ 50. Ke3 c3) 49. Kc3 $2 (49. Ke3 $17) 49... Na4+ ({And not} 49... Kxe4 50. Kxb2 Kf3 51. Ng5+ Kxg4 52. Ne4 $11) 50. Kd3 Nb6 51. Ke3 $2 (51. g5) 51... Nd7 $2 (51... d5 $1 $19 {is more deadly.} 52. exd5 Nxd5+ 53. Kd2 c4) 52. Ng1 Nf6 (52... Kf6 $142 {aiming for ...Ne5.} 53. Nh3 g5) 53. Nf3+ $17 Ke6 54. Kf4 (54. g5 $17 {was the only chance.}) 54... Nd7 $1 $19 55. g5 $2 (55. Kg5 $17 {nothing else works.}) 55... Nf8 $2 (55... Ke7 $19 56. Nd2 Ne5) 56. Ke3 $17 Nd7 (56... Kd7 $17 {Strongly threatening ...Kc6.} 57. Nh4 Kc6) 57. Nh4 (57. Kf4 $1 $11 {was the only way to keep the balance.}) 57... Ne5 58. Kd2 $2 {[%mdl 8192]} (58. Ng2 $17 {keeps fishing.}) 58... Kd7 $19 59. Kc3 Kc6 60. Kb3 Kb5 61. Kc3 Ka4 $2 (61... Kb6 $1 $19 {has better winning chances. ...Kb5 is the strong threat.} 62. Ng2 Nf7) 62. Ng2 $17 {[#]} Kb5 ({Better is} 62... Ka5 $1 $17) 63. Nf4 (63. Nh4 $1 $11 Kb6 64. Ng2) 63... Kc6 64. Kb3 $2 {[%mdl 8192]} (64. Ne6 $17 {is more resistant.}) 64... Nf3 $19 65. Nxg6 {[#]} Nd2+ $1 66. Ka4 Nxe4 67. Ne7+ Kd7 68. Nd5 Nxg5 69. Kb5 Nf3 70. Nb6+ Ke6 71. Kc4 Ne5+ 72. Kb5 Nd7 {( -> ...Nxb6)} 73. Nc8 d5 {Black mates.} 74. Na7 Ke5 75. Kc6 d4 76. Nb5 c4 77. Kxd7 c3 {Accuracy: White = 30%, Black = 51%.} 0-1

[Event "33rd Pula Open 2019"]
[Site "Pula"]
[Date "2019.06.25"]
[Round "5.5"]
[White "Beletic, Daniel"]
[Black "Bratkovic, Sham"]
[Result "1-0"]
[WhiteElo "2380"]
[BlackElo "2237"]
[Annotator "NA"]
[PlyCount "177"]
[EventDate "2019.06.22"]
[EventType "swiss"]
[EventCountry "CRO"]
[SourceTitle "playchess.com"]
[Source "ChessBase"]
[SourceQuality "1"]
[TimeControl "5400+30"]

1. d4 {[%emt 0:06:30]} d5 {[%emt 0:00:30]} 2. Bf4 {[%emt 0:00:30]} Nf6 {[%emt 0:02:30]} 3. e3 {[%emt 0:00:30]} g6 {[%emt 0:01:30]} 4. Nd2 {[%emt 0:01:30]} Bg7 {[%emt 0:00:30]} 5. Ngf3 {[%emt 0:00:30]} O-O {[%emt 0:00:30]} 6. Be2 {[%emt 0:00:00]} c5 {[%emt 0:03:30]} 7. c3 {[%emt 0:00:00]} b6 {[%emt 0:02:30]} 8. b4 {[%emt 0:02:30]} Nbd7 {[%emt 0:09:30]} 9. bxc5 {[%emt 0:04:30]} bxc5 {[%emt 0:00:30]} 10. Qa4 {[%emt 0:00:30]} Nh5 {[%emt 0:15:30]} 11. Bg5 {[%emt 0:02:30]} c4 {[%emt 0:05:30]} 12. O-O {[%emt 0:02:30]} f5 {[%emt 0:03:30]} 13. Qc6 {[%emt 0:27:30]} Nb6 {[%emt 0:04:30]} 14. Ne5 {[%emt 0:02:30]} Nf6 {[%emt 0:03:30]} 15. a4 {[%emt 0:04:30]} a5 {[%emt 0:15:30]} 16. Rfb1 {[%emt 0:01:30]} Ra6 {[%emt 0:01:30]} 17. Qb5 {[%emt 0:02:30]} Qd6 {[%emt 0:09:57]} 18. Bf4 {[%emt 0:05:30]} Qe6 {[%emt 0:01:11]} 19. Nc6 {[%emt 0:07:30]} Nbd7 {[%emt 0:02:17]} 20. Nb8 {[%emt 0:04:30]} Nxb8 {[%emt 0:01:24]} 21. Qxb8 {[%emt 0:00:30]} Qc6 {[%emt 0:03:57]} 22. Qb5 {[%emt 0:02:50]} Qa8 {[%emt 0:03:33]} 23. Be5 {[%emt 0:01:47]} Nd7 {[%emt 0:01:52]} 24. Bf3 {[%emt 0:02:25]} e6 {[%emt 0:00:38]} 25. Bxg7 {[%emt 0:01:17]} Kxg7 {[%emt 0:00:09]} 26. Nxc4 {[%emt 0:01:07]} Qa7 {[%emt 0:02:02]} 27. Na3 {[%emt 0:00:47]} Rb6 {[%emt 0:00:15]} 28. Qd3 {[%emt 0:00:13]} Ba6 {[%emt 0:00:43]} 29. Nb5 {[%emt 0:00:20]} Rfb8 {[%emt 0:01:45]} 30. c4 {[%emt 0:00:40]} dxc4 {[%emt 0:00:50]} 31. Qxc4 {[%emt 0:00:09]} Nf6 {[%emt 0:00:33]} 32. Rc1 {[%emt 0:03:27]} Bxb5 {[%emt 0:00:52]} 33. axb5 {[%emt 0:00:08]} Rxb5 {[%emt 0:01:18]} 34. Qxe6 {[%emt 0:00:17]} a4 {[%emt 0:01:21]} 35. h4 {[%emt 0:01:10]} a3 {[%emt 0:00:33]} 36. Qd6 {[%emt 0:00:24]} Ne8 {[%emt 0:01:11]} 37. Qxa3 {[%emt 0:00:22]} Qxa3 {[%emt 0:00:17]} 38. Rxa3 {[%emt 0:00:09]} Rb2 {[%emt 0:00:03]} 39. Ra8 {[%emt 0:01:26]} Rxa8 {[%emt 0:00:11]} 40. Bxa8 {[%emt 0:00:08]} Nd6 {[%emt 0:00:31]} 41. Rc6 {[%emt 0:01:11]} Ne8 {[%emt 0:00:55]} 42. Re6 {[%emt 0:01:14]} Kf7 {[%emt 0:00:32]} 43. Bd5 {[%emt 0:00:33]} Rb1+ {[%emt 0:00:37]} 44. Kh2 {[%emt 0:00:09]} Rf1 {[%emt 0:00:12]} 45. Rb6+ {[%emt 0:00:48]} Kg7 {[%emt 0:00:13]} 46. Rb2 {[%emt 0:01:12]} Nf6 {[%emt 0:00:23]} 47. Bf3 {[%emt 0:00:08]} h6 {[%emt 0:00:56]} 48. g3 {[%emt 0:02:20]} g5 {[%emt 0:00:23]} 49. hxg5 {[%emt 0:00:09]} hxg5 {[%emt 0:00:04]} 50. Kg2 {[%emt 0:00:03]} Ra1 {[%emt 0:00:46]} 51. Rb5 {[%emt 0:02:31]} Kg6 {[%emt 0:00:54]} 52. Bb7 {[%emt 0:00:57]} Ra2 {[%emt 0:00:55]} 53. Bc8 {[%emt 0:00:58]} f4 {[%emt 0:00:04]} 54. Bf5+ {[%emt 0:00:47]} Kh6 {[%emt 0:00:37]} 55. Rb6 {[%emt 0:02:09]} fxe3 {[%emt 0:01:00]} 56. Rxf6+ {[%emt 0:01:19]} Kg7 {[%emt 0:00:02]} 57. Rg6+ {[%emt 0:00:05]} Kf7 {[%emt 0:00:06]} 58. g4 {[%emt 0:00:12]} Rxf2+ {[%emt 0:00:43]} 59. Kg3 {[%emt 0:00:14]} Rf4 {[%emt 0:00:18]} 60. Re6 {[%emt 0:00:31]} Rxd4 {[%emt 0:00:29]} 61. Rxe3 {[%emt 0:00:07]} Rb4 {[%emt 0:00:21]} 62. Rf3 {[%emt 0:00:47]} Kg7 {[%emt 0:00:14]} 63. Bd3 {[%emt 0:01:05]} Rb3 {[%emt 0:00:36]} 64. Bc4 {[%emt 0:01:14]} Rb4 {[%emt 0:00:16]} 65. Bf7 {[%emt 0:00:28]} Ra4 {[%emt 0:01:10]} 66. Bh5 {[%emt 0:00:11]} Rb4 {[%emt 0:00:36]} 67. Rf7+ {[%emt 0:00:17]} Kh6 {[%emt 0:00:44]} 68. Rf6+ {[%emt 0:00:08]} Kh7 {[%emt 0:00:00]} 69. Kf3 {[%emt 0:00:10]} Ra4 {[%emt 0:00:43]} 70. Ke3 {[%emt 0:00:08]} Rb4 {[%emt 0:00:25]} 71. Rd6 {[%emt 0:00:11]} Ra4 {[%emt 0:01:08]} 72. Rd4 {[%emt 0:00:11]} Ra1 {[%emt 0:00:31]} 73. Ke4 {[%emt 0:00:22]} Rf1 {[%emt 0:00:16]} 74. Rd7+ {[%emt 0:00:24]} Kh6 {[%emt 0:00:24]} 75. Rd6+ {[%emt 0:00:14]} Kh7 {[%emt 0:00:05]} 76. Ke5 {[%emt 0:00:13]} Rf4 {[%emt 0:00:35]} 77. Re6 {[%emt 0:00:50]} Rf2 {[%emt 0:01:13]} 78. Rg6 {[%emt 0:00:25]} Ra2 {[%emt 0:00:28]} 79. Rxg5 {[%emt 0:00:28]} Ra5+ {[%emt 0:00:05]} 80. Kf4 {[%emt 0:00:12]} Ra4+ {[%emt 0:00:04]} 81. Kg3 {[%emt 0:00:10]} Rb4 {[%emt 0:00:17]} 82. Kh4 {[%emt 0:00:14]} Rb1 {[%emt 0:00:13]} 83. Ra5 {[%emt 0:00:10]} Rb6 {[%emt 0:00:12]} 84. Ra7+ {[%emt 0:00:11]} Kh8 {[%emt 0:00:12]} 85. g5 {[%emt 0:00:27]} Rb4+ {[%emt 0:00:24]} 86. Bg4 {[%emt 0:00:13]} Rb6 {[%emt 0:00:04]} 87. Kh5 {[%emt 0:00:09]} Kg8 {[%emt 0:00:12]} 88. g6 {[%emt 0:00:25]} Rb2 {[%emt 0:00:15]} 89. Be6+ {[%emt 0:00:07]} 1-0

[Event "33rd Pula Open 2019"]
[Site "Pula"]
[Date "2019.06.25"]
[Round "5.6"]
[White "Suta, Andraz"]
[Black "Filipovic, Branko"]
[Result "1-0"]
[WhiteElo "2195"]
[BlackElo "2371"]
[Annotator "NA"]
[PlyCount "71"]
[EventDate "2019.06.22"]
[EventType "swiss"]
[EventCountry "CRO"]
[SourceTitle "playchess.com"]
[Source "ChessBase"]
[SourceQuality "1"]
[TimeControl "5400+30"]

1. e4 {[%emt 0:00:30]} c5 {[%emt 0:00:30]} 2. Nf3 {[%emt 0:00:00]} Nc6 {[%emt 0:00:00]} 3. d4 {[%emt 0:00:00]} cxd4 {[%emt 0:00:00]} 4. Nxd4 {[%emt 0:00:00]} Nf6 {[%emt 0:00:30]} 5. Nc3 {[%emt 0:00:00]} e6 {[%emt 0:00:30]} 6. Ndb5 {[%emt 0:00:30]} Bc5 {[%emt 0:00:30]} 7. Nd6+ {[%emt 0:16:30]} Ke7 {[%emt 0:00:30]} 8. Bf4 {[%emt 0:24:30]} e5 {[%emt 0:00:30]} 9. Nf5+ {[%emt 0:02:30]} Kf8 {[%emt 0:00:30]} 10. Bg5 {[%emt 0:18:30]} d6 {[%emt 0:07:30]} 11. Bxf6 {[%emt 0:05:30]} Qxf6 {[%emt 0:00:00]} 12. Nd5 {[%emt 0:00:00]} Qd8 {[%emt 0:00:00]} 13. Nfe3 {[%emt 0:02:00]} Be6 {[%emt 0:12:30]} 14. c3 {[%emt 0:04:30]} a6 {[%emt 0:01:30]} 15. Bd3 {[%emt 0:04:05]} Ne7 {[%emt 0:07:30]} 16. Bc2 {[%emt 0:02:05]} Ng6 {[%emt 0:11:30]} 17. g3 {[%emt 0:00:13]} h5 {[%emt 0:00:30]} 18. Qe2 {[%emt 0:02:12]} Rc8 {[%emt 0:00:30]} 19. O-O-O {[%emt 0:02:01]} b5 {[%emt 0:05:30]} 20. Kb1 {[%emt 0:00:12]} Rb8 {[%emt 0:02:30]} 21. f4 {[%emt 0:00:24]} Bxe3 {[%emt 0:10:30]} 22. Qxe3 {[%emt 0:01:00]} Bxd5 {[%emt 0:00:30]} 23. exd5 {[%emt 0:00:32]} exf4 {[%emt 0:06:30]} 24. gxf4 {[%emt 0:00:05]} Ne7 {[%emt 0:04:30]} 25. Rhg1 {[%emt 0:00:25]} b4 {[%emt 0:02:30]} 26. cxb4 {[%emt 0:04:43]} Qb6 {[%emt 0:00:30]} 27. Qc3 {[%emt 0:00:34]} f6 {[%emt 0:00:30]} 28. Qg3 {[%emt 0:01:17]} g6 {[%emt 0:01:30]} 29. Rde1 {[%emt 0:03:00]} Qxb4 {[%emt 0:00:30]} 30. b3 {[%emt 0:00:53]} h4 {[%emt 0:02:30]} 31. Qe3 {[%emt 0:01:33]} Rh7 {[%emt 0:11:15]} 32. Qe6 {[%emt 0:00:15]} Qc3 {[%emt 0:01:34]} 33. Qxd6 {[%emt 0:00:12]} Rc8 {[%emt 0:00:55]} 34. Bxg6 {[%emt 0:01:22]} Rg7 {[%emt 0:01:20]} 35. Rc1 {[%emt 0:01:47]} Qh3 {[%emt 0:01:28]} 36. Qxf6+ {[%emt 0:00:47]} 1-0

[Event "33rd Pula Open 2019"]
[Site "Pula"]
[Date "2019.06.25"]
[Round "5.7"]
[White "Boric, Muhamed"]
[Black "Zierke, Oliver"]
[Result "1-0"]
[WhiteElo "2361"]
[BlackElo "2227"]
[Annotator "NA"]
[PlyCount "85"]
[EventDate "2019.06.22"]
[EventType "swiss"]
[EventCountry "CRO"]
[SourceTitle "playchess.com"]
[Source "ChessBase"]
[SourceQuality "1"]
[TimeControl "5400+30"]

1. Nf3 {[%emt 0:02:30]} Nf6 {[%emt 0:00:30]} 2. g3 {[%emt 0:00:30]} d5 {[%emt 0:00:30]} 3. Bg2 {[%emt 0:00:00]} c5 {[%emt 0:00:30]} 4. O-O {[%emt 0:02:00]} Nc6 {[%emt 0:00:00]} 5. d4 {[%emt 0:02:30]} cxd4 {[%emt 0:02:00]} 6. Nxd4 {[%emt 0:00:00]} e5 {[%emt 0:00:30]} 7. Nxc6 {[%emt 0:00:00]} bxc6 {[%emt 0:00:30]} 8. c4 {[%emt 0:00:30]} Be6 {[%emt 0:00:30]} 9. Qa4 {[%emt 0:01:30]} Qd7 {[%emt 0:02:30]} 10. Nc3 {[%emt 0:02:30]} Rc8 {[%emt 0:00:30]} 11. cxd5 {[%emt 0:20:30]} Nxd5 {[%emt 0:07:30]} 12. Rd1 {[%emt 0:00:30]} Nxc3 {[%emt 0:17:30]} 13. bxc3 {[%emt 0:00:30]} Qc7 {[%emt 0:00:30]} 14. Be3 {[%emt 0:00:30]} Be7 {[%emt 0:00:30]} 15. Qxa7 {[%emt 0:00:30]} Qxa7 {[%emt 0:00:30]} 16. Bxa7 {[%emt 0:01:30]} O-O {[%emt 0:00:30]} 17. a4 {[%emt 0:00:30]} Ra8 {[%emt 0:03:30]} 18. Bb6 {[%emt 0:00:30]} Rfc8 {[%emt 0:03:30]} 19. a5 {[%emt 0:00:30]} Bc4 {[%emt 0:00:30]} 20. e3 {[%emt 0:12:30]} f5 {[%emt 0:04:30]} 21. Bf1 {[%emt 0:05:30]} Bxf1 {[%emt 0:01:30]} 22. Kxf1 {[%emt 0:00:30]} Ra6 {[%emt 0:00:30]} 23. e4 {[%emt 0:01:30]} fxe4 {[%emt 0:03:30]} 24. Ra4 {[%emt 0:00:30]} e3 {[%emt 0:02:30]} 25. fxe3 {[%emt 0:00:30]} Kf7 {[%emt 0:00:30]} 26. Rd7 {[%emt 0:07:30]} Ke6 {[%emt 0:00:30]} 27. Rb7 {[%emt 0:00:30]} h5 {[%emt 0:01:30]} 28. Ke2 {[%emt 0:00:30]} g6 {[%emt 0:08:30]} 29. Kd3 {[%emt 0:00:30]} Bd8 {[%emt 0:00:30]} 30. Kc4 {[%emt 0:01:30]} Be7 {[%emt 0:01:30]} 31. Ra2 {[%emt 0:01:30]} Bd8 {[%emt 0:06:30]} 32. e4 {[%emt 0:03:30]} Rca8 {[%emt 0:06:30]} 33. Rd2 {[%emt 0:01:30]} Bxb6 {[%emt 0:00:30]} 34. Rxb6 {[%emt 0:00:30]} Rxa5 {[%emt 0:01:30]} 35. Rxc6+ {[%emt 0:00:30]} Ke7 {[%emt 0:00:00]} 36. Rd5 {[%emt 0:00:30]} Kf7 {[%emt 0:05:00]} 37. Rd7+ {[%emt 0:04:30]} Kf8 {[%emt 0:00:53]} 38. Rdd6 {[%emt 0:03:30]} Ra4+ {[%emt 0:01:42]} 39. Kd5 {[%emt 0:00:30]} R8a5+ {[%emt 0:01:25]} 40. Ke6 {[%emt 0:00:30]} Rxe4 {[%emt 0:00:37]} 41. Rc8+ {[%emt 0:02:30]} Kg7 {[%emt 0:00:08]} 42. Rd7+ {[%emt 0:00:30]} Kh6 {[%emt 0:00:07]} 43. h4 {[%emt 0:00:00]} 1-0